| 000 | 00472nam a2200157 i 4500 | ||
|---|---|---|---|
| 001 | 40066 | ||
| 003 | ES-MaACL | ||
| 005 | 20230906160133.0 | ||
| 007 | t| | ||
| 008 | 030305s1961 sp |||| | spa d | ||
| 100 | 1 |
_aCañizales Márquez, José. _934755 |
|
| 245 | 1 | 0 |
_aHombres de montaña _b: novela / _cJosé Cañizales Márquez. |
| 260 |
_aCaracas : _b[s.n., _c1961] ( _eZaragoza : _fImp. Heraldo de Aragón) |
||
| 300 |
_a151 p. ; _c22 cm. |
||
| 852 |
_aES-MaACL _jE-19841 |
||
| 999 |
_c40066 _d40066 |
||